Music Quiz

Random Music or Song Quiz

First Line Last Line Quiz Stats

 Plays Quiz not verified by Sporcle

Support Sporcle.
Go Orange.
Score 0/17 Timer 03:00
0 Plays Today
% Correct
Yeah, Hollywood is bleeding, but we call it home
81.5%
But you lied to me, you lied to me, you lied to me
72.7%
I'm no good at goodbyes
72.7%
Can you feel it?
68.5%
Wow
67.9%
Run away, run away, run away
62.7%
You're the sunflower, you're the sunflower (Yeah)
57.8%
I'm in Saint-Tropez, I had to check wrist
57.1%
On the road, oh
52.9%
% Correct
'Cause I don't get on the internet no more
52.6%
It could never be like this
47.1%
Ooh, it's too late; It's too late
43.2%
What you need, yeah
41.6%
Too bad for you
40.9%
But you just keep on starin' at the sun
39.6%
No, I can't get enough
25%
We go there, oh
17.9%

You're not logged in!

Compare scores with friends on all Sporcle quizzes.
OR
Log In

From the Vault

Sport by Numbers II

by Flick

Sports aren't known for having much math in them, but this quiz proves otherwise.
Remove Ads.
Support Sporcle.
Get the best of Sporcle when you Go Orange. This ad-free experience offers more features, more stats, and more fun while also helping to support Sporcle. Thank you for becoming a member.

Show Comments

Extras

Top Quizzes Today


Score Distribution

Your Account Isn't Verified!

In order to create a playlist on Sporcle, you need to verify the email address you used during registration. Go to your Sporcle Settings to finish the process.

Report this User

Report this user for behavior that violates our Community Guidelines.

Details: